El derecho a la intimidad: análisis del artículo 1071 bis del código civil
Shranjeno v:
| Glavni avtor: | |
|---|---|
| Format: | Knjiga |
| Jezik: | španščina |
| Izdano: |
Buenos Aires
Universidad
1982
|
| Teme: | |
| Oznake: |
Označite
Brez oznak, prvi označite!
|
MARC
| LEADER | 00000nam a2200000 a 4500 | ||
|---|---|---|---|
| 001 | UCO0076 | ||
| 003 | CL-VaPUC | ||
| 008 | 000407e19820000AG |||||||||||||||||spa|d | ||
| 082 | 0 | 4 | |a 346.01 |b FER |2 21 |
| 100 | 0 | |a Ferreira Rubio, Delia Matilde |e author |9 441058 | |
| 245 | 1 | 3 | |a El derecho a la intimidad: análisis del artículo 1071 bis del código civil |
| 300 | |a 205 p | ||
| 942 | |c BK | ||
| 945 | |d 20000407 00:00:00 |a vberengu | ||
| 260 | |a Buenos Aires |b Universidad |c 1982 | ||
| 650 | 0 | |a Bien jurídico protegido |9 385533 | |
| 650 | 0 | |a Derecho argentino |9 385298 | |
| 650 | 7 | |a INTIMIDAD PRIVADA |2 CL-VaPUC |9 385604 | |
| 583 | |a last modification |c 20000407 00:00:00 |k Rodrigo Vera | ||
| 999 | |c 286795 |d 286793 | ||
| 952 | |0 0 |1 0 |4 0 |6 346_010000000000000_FER_1982 |7 0 |8 A |9 332958 |a BIBDER |b BIBDER |d 2019-11-20 |i 3604454 |o 346.01 FER 1982 |p 3604454 |r 2023-01-25 |w 2019-11-20 |y BK |k DER | ||